[Event "SERBIA CHESS OPEN 2021 - MASTERS"]
[Site "Belgrade, Hotel Metropol"]
[Date "2021.07.03"]
[Round "2.103"]
[White "Milikow, Yoav"]
[Black "Arsenovic, Milos"]
[Result "1/2-1/2"]
[WhiteElo "2301"]
[BlackElo "2181"]
[PlyCount "40"]
[EventDate "2021.??.??"]

1. d4 Nf6 2. c4 g6 3. Nc3 d5 4. cxd5 Nxd5 5. Bd2 Bg7 6. e4 Nxc3 7. Bxc3 O-O 8.
Qd2 c5 9. d5 e6 10. Bc4 exd5 11. Bxd5 Qe7 12. Ne2 Nc6 13. O-O Nb4 14. Nf4 Be6
15. Rac1 Bxd5 16. Bxb4 cxb4 17. exd5 Qe5 18. Qxb4 Bh6 19. Nd3 Qxd5 20. Rcd1
Rfd8 1/2-1/2

[Event "SERBIA CHESS OPEN 2021 - MASTERS"]
[Site "Belgrade, Hotel Metropol"]
[Date "2021.07.03"]
[Round "2.104"]
[White "Mihov, Filip"]
[Black "Ristic, Luka"]
[Result "1/2-1/2"]
[WhiteElo "2178"]
[BlackElo "2300"]
[PlyCount "49"]
[EventDate "2021.??.??"]

1. Nf3 Nf6 2. c4 c5 3. Nc3 Nc6 4. d4 cxd4 5. Nxd4 e6 6. a3 a6 7. g3 Qc7 8. Bg2
Be7 9. O-O O-O 10. b4 d6 11. Nxc6 bxc6 12. Na4 Nd7 13. Qc2 Rb8 14. c5 d5 15. e4
a5 16. exd5 cxd5 17. Bd2 Ba6 18. Rfc1 Qc6 19. Rab1 Bb5 20. Nc3 Bc4 21. Nd1 axb4
22. Qxc4 bxa3 23. Rxb8 Rxb8 24. Qa2 Ra8 25. Nc3 1/2-1/2

[Event "SERBIA CHESS OPEN 2021 - MASTERS"]
[Site "Belgrade, Hotel Metropol"]
[Date "2021.07.03"]
[Round "2.105"]
[White "Kostic, Vladimir G"]
[Black "Efremov, Vladislav"]
[Result "1/2-1/2"]
[WhiteElo "2297"]
[BlackElo "2173"]
[PlyCount "34"]
[EventDate "2021.??.??"]

1. e4 c5 2. Nf3 e6 3. d4 cxd4 4. Nxd4 Nc6 5. Nc3 Qc7 6. Be3 a6 7. Qd2 Nf6 8. f3
Be7 9. O-O-O b5 10. Kb1 h5 11. Bd3 Bb7 12. Nxc6 dxc6 13. h3 h4 14. Bf4 e5 15.
Bh2 Nh5 16. Ne2 O-O-O 17. Qe3 g5 1/2-1/2

[Event "SERBIA CHESS OPEN 2021 - MASTERS"]
[Site "Belgrade, Hotel Metropol"]
[Date "2021.07.03"]
[Round "2.106"]
[White "Ufimtsev, Egor"]
[Black "Klasan, Vladimir"]
[Result "1/2-1/2"]
[WhiteElo "2168"]
[BlackElo "2297"]
[PlyCount "110"]
[EventDate "2021.??.??"]

1. d4 Nf6 2. Nf3 g6 3. g3 Bg7 4. Bg2 O-O 5. O-O d5 6. b3 c5 7. e3 Nc6 8. Bb2
cxd4 9. exd4 Bf5 10. Nbd2 Rc8 11. c3 Ne4 12. Nh4 Nxd2 13. Qxd2 Be6 14. f4 Qd7
15. f5 Bxf5 16. Nxf5 gxf5 17. Qg5 e6 18. Rf4 Qe7 19. Qh5 Qf6 20. Qh3 Ne7 21.
Rh4 Qg6 22. Bf3 Bf6 23. Rh6 Qg7 24. Kh1 Ng6 25. Rh5 Rfd8 26. Rg1 Kh8 27. Qf1 a6
28. Be2 b5 29. a3 Rd7 30. Bd3 Rdc7 31. g4 f4 32. g5 Be7 33. Rg4 Rxc3 34. Bxc3
Rxc3 35. Rxf4 Kg8 36. Rxf7 Qxf7 37. Qxf7+ Kxf7 38. Rxh7+ Kg8 39. Bxg6 Bxg5 40.
Ra7 Rc6 41. a4 Be3 42. Be8 Rc8 43. Kg2 bxa4 44. bxa4 Bxd4 45. Rxa6 e5 46. Rd6
e4 47. Rxd5 e3 48. Bb5 Rc2+ 49. Kf3 Rf2+ 50. Kg4 Bb6 51. Rg5+ Kh8 52. h4 Bc7
53. Rc5 e2 54. Bxe2 Rxe2 55. Rxc7 Re4+ 1/2-1/2

[Event "SERBIA CHESS OPEN 2021 - MASTERS"]
[Site "Belgrade, Hotel Metropol"]
[Date "2021.07.03"]
[Round "2.107"]
[White "Rozman, Monika"]
[Black "Carnic, Srdjan"]
[Result "0-1"]
[WhiteElo "2151"]
[BlackElo "2291"]
[PlyCount "146"]
[EventDate "2021.??.??"]

1. e4 c5 2. Nf3 d6 3. d4 cxd4 4. Nxd4 Nf6 5. Nc3 a6 6. Be3 e5 7. Nb3 Be6 8. f3
Be7 9. Qd2 O-O 10. O-O-O Nbd7 11. g4 b5 12. g5 b4 13. Ne2 Ne8 14. f4 a5 15. f5
a4 16. Nbd4 exd4 17. Nxd4 b3 18. Kb1 bxc2+ 19. Nxc2 Bb3 20. axb3 axb3 21. Na3
Ne5 22. h4 Ra5 23. Bd4 Qa8 24. Qg2 f6 25. Rh3 d5 26. Rxb3 Bxa3 27. bxa3 Nc4 28.
Bxc4 dxc4 29. Rg3 fxg5 30. Rxg5 Qb7+ 31. Kc1 Rxa3 32. f6 c3 33. Rxg7+ Nxg7 34.
Qxg7+ Qxg7 35. fxg7 Rc8 36. Rd3 Ra1+ 37. Kc2 Ra2+ 38. Kc1 c2 39. Rc3 Rxc3 40.
Bxc3 Ra4 41. Kxc2 Rxe4 42. Bf6 Rf4 43. Bg5 Rf5 44. Kd3 Kxg7 45. Ke4 Kg6 46. Bf4
Rf7 47. Kf3 Kh5 48. Kg3 Rg7+ 49. Kh3 Rg4 50. Bh2 Rxh4+ 51. Kg2 Kg4 52. Bg1 Rh3
53. Bb6 Rb3 54. Bd4 Rd3 55. Bb6 Rd2+ 56. Kh1 Kh3 57. Bg1 h5 58. Bc5 Rh2+ 59.
Kg1 Rg2+ 60. Kh1 h4 61. Be3 Re2 62. Bc5 Rc2 63. Ba7 Rc1+ 64. Bg1 Kg4 65. Kg2
h3+ 66. Kh1 Re1 67. Kh2 Re2+ 68. Kh1 Kg3 69. Bd4 h2 70. Be5+ Kh3 71. Bc3 Rf2
72. Bd4 Rf1+ 73. Bg1 Rxg1# 0-1

[Event "SERBIA CHESS OPEN 2021 - MASTERS"]
[Site "Belgrade, Hotel Metropol"]
[Date "2021.07.03"]
[Round "2.108"]
[White "Sarenac, David"]
[Black "Djukic, Sandra"]
[Result "1-0"]
[WhiteElo "2289"]
[BlackElo "2172"]
[PlyCount "49"]
[EventDate "2021.??.??"]

1. e4 c6 2. Nc3 d5 3. Nf3 dxe4 4. Nxe4 Nf6 5. Qe2 Nxe4 6. Qxe4 Nd7 7. Bc4 Nf6
8. Ne5 e6 9. Qe2 b5 10. Bd3 a6 11. a4 Bb7 12. O-O Be7 13. b3 O-O 14. Bb2 Qd5
15. c4 Qd8 16. Qf3 Rb8 17. Qh3 h6 18. Rae1 bxc4 19. bxc4 c5 20. Bc3 Nd7 21.
Nxd7 Qxd7 22. Qg3 g5 23. Qh3 f6 24. Rxe6 Rbe8 25. Bg6 1-0

[Event "SERBIA CHESS OPEN 2021 - MASTERS"]
[Site "Belgrade, Hotel Metropol"]
[Date "2021.07.03"]
[Round "2.109"]
[White "Ozkan, Ervin"]
[Black "Fernandez Lledo, Javier"]
[Result "1/2-1/2"]
[WhiteElo "2147"]
[BlackElo "2288"]
[PlyCount "98"]
[EventDate "2021.??.??"]

1. d4 Nf6 2. Nf3 b6 3. Bf4 Bb7 4. e3 g6 5. Nbd2 Bg7 6. Bd3 O-O 7. O-O d6 8. h3
Nbd7 9. c3 Re8 10. Bh2 e5 11. Be2 e4 12. Ne1 Nf8 13. b4 a5 14. a4 Nd5 15. Qb3
axb4 16. cxb4 c5 17. Nc2 cxd4 18. Nxd4 Bxd4 19. exd4 Ne6 20. Nc4 Nxd4 21. Qb2
Nc3 22. Bd1 Qf6 23. Kh1 Rac8 24. Nxd6 e3 25. Nxe8 Qc6 26. fxe3 Rxe8 27. Bf3
Nxf3 28. Rxf3 Qc4 29. Rc1 Bxf3 30. Qxc3 Qxc3 31. Rxc3 Be4 32. Bc7 Ra8 33. a5
bxa5 34. bxa5 f5 35. h4 Ra7 36. Kg1 Kg7 37. Kf2 Kh6 38. Kg3 Kh5 39. Bf4 Rd7 40.
a6 Rd2 41. Rc7 Rxg2+ 42. Kh3 g5 43. hxg5 Kg6 44. Rd7 Re2 45. a7 Ra2 46. Rd6+
Kf7 47. Rh6 Kg8 48. Bb8 Ra3 49. Kg3 Rxe3+ 1/2-1/2

[Event "SERBIA CHESS OPEN 2021 - MASTERS"]
[Site "Belgrade, Hotel Metropol"]
[Date "2021.07.03"]
[Round "2.110"]
[White "Petrovic, Aleksa"]
[Black "Meier, Volker"]
[Result "1-0"]
[WhiteElo "2142"]
[BlackElo "2285"]
[PlyCount "57"]
[EventDate "2021.??.??"]

1. Nf3 Nf6 2. c4 g6 3. g3 Bg7 4. Bg2 O-O 5. O-O c5 6. Nc3 Nc6 7. d4 cxd4 8.
Nxd4 Nxd4 9. Qxd4 d6 10. Qd3 a6 11. h3 Rb8 12. a4 Nd7 13. Qc2 Nc5 14. Rb1 a5
15. Nd5 Bf5 16. e4 Bd7 17. b3 f5 18. Bg5 Rf7 19. Rbe1 fxe4 20. Bxe4 Nxe4 21.
Qxe4 Bf6 22. Bxf6 exf6 23. Re3 Bxh3 24. Rfe1 Qd7 25. Qh4 Rbf8 26. Re7 Qf5 27.
Rxf7 Rxf7 28. Ne7+ Rxe7 29. Rxe7 1-0

[Event "SERBIA CHESS OPEN 2021 - MASTERS"]
[Site "Belgrade, Hotel Metropol"]
[Date "2021.07.03"]
[Round "2.111"]
[White "Sredojevic, Ivan"]
[Black "Teuschler, Barbara"]
[Result "1/2-1/2"]
[WhiteElo "2284"]
[BlackElo "2148"]
[PlyCount "21"]
[EventDate "2021.??.??"]

1. Nf3 Nf6 2. g3 b6 3. Bg2 Bb7 4. O-O g6 5. d3 Bg7 6. e4 d6 7. Re1 O-O 8. Nbd2
Nbd7 9. Nf1 c5 10. Nh4 Qc7 11. Ne3 1/2-1/2

[Event "SERBIA CHESS OPEN 2021 - MASTERS"]
[Site "Belgrade, Hotel Metropol"]
[Date "2021.07.03"]
[Round "2.112"]
[White "Ljepic, Andrej"]
[Black "Kruckenhauser, Arthur"]
[Result "1-0"]
[WhiteElo "2136"]
[BlackElo "2283"]
[PlyCount "69"]
[EventDate "2021.??.??"]

1. e4 c5 2. Nf3 d6 3. Bb5+ Bd7 4. Bxd7+ Nxd7 5. O-O Ngf6 6. Re1 e6 7. c3 Be7 8.
d4 O-O 9. Nbd2 cxd4 10. cxd4 Nb6 11. Nf1 d5 12. Ng3 dxe4 13. Nxe4 Rc8 14. Bd2
Nc4 15. Bc3 Nxe4 16. Rxe4 Qd5 17. Re1 Bf6 18. Rc1 Rfd8 19. Qb3 h6 20. h3 g5 21.
Qd1 Nd6 22. Ne5 Kg7 23. Qh5 Rc7 24. Ng4 Rh8 25. Nxf6 Kxf6 26. Re5 Qxa2 27. Rc5
Re7 28. d5+ e5 29. f4 Ne4 30. fxe5+ Kg7 31. Qf3 Qa4 32. Ra5 Qc4 33. b3 Qxb3 34.
Qxe4 Qb6+ 35. Qd4 1-0

[Event "SERBIA CHESS OPEN 2021 - MASTERS"]
[Site "Belgrade, Hotel Metropol"]
[Date "2021.07.03"]
[Round "2.113"]
[White "Velickovic, Sasa"]
[Black "De Boer, Bas"]
[Result "0-1"]
[WhiteElo "2281"]
[BlackElo "2143"]
[PlyCount "69"]
[EventDate "2021.??.??"]

1. e4 c5 2. Nc3 Nc6 3. Nge2 g6 4. d4 cxd4 5. Nxd4 Bg7 6. Be3 Nf6 7. Bc4 O-O 8.
Bb3 Ng4 9. Qxg4 Nxd4 10. Qd1 Ne6 11. Qd2 Re8 12. O-O-O d6 13. Bh6 Bh8 14. h4 b5
15. h5 a5 16. hxg6 hxg6 17. Be3 Bg7 18. Nxb5 a4 19. Bxe6 Bxe6 20. Bb6 Bh8 21.
Be3 Bg7 22. Bd4 f6 23. a3 Rc8 24. Bc3 Bf7 25. Bb4 Rc4 26. Nc3 Qa8 27. Nd5 Qa7
28. f3 Rec8 29. c3 f5 30. exf5 Rd4 31. Qg5 Rxd5 32. Rxd5 Bxd5 33. fxg6 Bb3 34.
Re1 Qf2 35. Qd2 0-1

[Event "SERBIA CHESS OPEN 2021 - MASTERS"]
[Site "Belgrade, Hotel Metropol"]
[Date "2021.07.03"]
[Round "2.114"]
[White "Unat, Can Haktan"]
[Black "Marn, Jan"]
[Result "1/2-1/2"]
[WhiteElo "2130"]
[BlackElo "2280"]
[PlyCount "102"]
[EventDate "2021.??.??"]

1. e4 e5 2. Nf3 Nc6 3. Nc3 Nf6 4. a3 d5 5. exd5 Nxd5 6. Bb5 Nxc3 7. bxc3 Bd6 8.
d4 exd4 9. cxd4 O-O 10. O-O Qf6 11. c3 Bg4 12. h3 Bxf3 13. Qxf3 Qxf3 14. gxf3
Ne7 15. Re1 Ng6 16. Re4 f5 17. Re6 Nh4 18. Kf1 Rf6 19. Rxf6 gxf6 20. Rb1 Kg7
21. a4 c6 22. Bc4 b6 23. Be2 f4 24. a5 Rb8 25. axb6 Rxb6 26. Rxb6 axb6 27. Ba6
Nf5 28. Ke2 Kh6 29. Kd3 Kg5 30. Ke4 Ne7 31. Bf1 f5+ 32. Kd3 Ng6 33. Bb2 Nf8 34.
c4 c5 35. d5 Nd7 36. Kc2 Be5 37. Bc1 Nf6 38. Kb3 Ne8 39. Ka4 Nd6 40. Bd2 h6 41.
Bc1 h5 42. Bd2 h4 43. Be2 Bd4 44. Bf1 Be5 45. Bc1 Kf6 46. Bd3 Ke7 47. Bd2 Kd7
48. Bc1 Kc7 49. Bd2 Kb7 50. Bc1 Ka6 51. Bd2 Kb7 1/2-1/2

[Event "SERBIA CHESS OPEN 2021 - MASTERS"]
[Site "Belgrade, Hotel Metropol"]
[Date "2021.07.03"]
[Round "2.115"]
[White "Peycheva, Gergana"]
[Black "Akbas, Umut Ata"]
[Result "1-0"]
[WhiteElo "2280"]
[BlackElo "2141"]
[PlyCount "85"]
[EventDate "2021.??.??"]

1. d4 Nf6 2. c4 e6 3. Nf3 d5 4. Bg5 h6 5. Bh4 Bb4+ 6. Nc3 g5 7. Bg3 Ne4 8. Rc1
h5 9. h3 Nxg3 10. fxg3 c6 11. e3 Bd6 12. Kf2 f5 13. Bd3 Rf8 14. Ng1 g4 15. Nge2
h4 16. gxh4 g3+ 17. Ke1 Bd7 18. Rf1 Qxh4 19. Qb3 b6 20. cxd5 exd5 21. Nxd5 cxd5
22. Qxd5 Qe7 23. Qxa8 Qxe3 24. Rf3 Qe6 25. Bc4 Qh6 26. Qd5 Ke7 27. Bb5 Be6 28.
Qb7+ Kf6 29. Bc4 Rc8 30. Qe4 Bd7 31. Qd5 Ke7 32. Rc2 Nc6 33. a3 Re8 34. Bb5
Nxd4 35. Qxd4 Bxb5 36. Re3+ Kd7 37. Rxe8 Kxe8 38. Rd2 Ke7 39. Qd5 Bd7 40. Nd4
Qf4 41. Nc6+ Bxc6 42. Qxc6 Ke6 43. h4 1-0

[Event "SERBIA CHESS OPEN 2021 - MASTERS"]
[Site "Belgrade, Hotel Metropol"]
[Date "2021.07.03"]
[Round "2.116"]
[White "Srdanovic, Jovana"]
[Black "Durak, Can"]
[Result "1-0"]
[WhiteElo "2126"]
[BlackElo "2275"]
[PlyCount "101"]
[EventDate "2021.??.??"]

1. d4 d5 2. c4 e6 3. Nc3 Nf6 4. cxd5 exd5 5. Bg5 c6 6. e3 Be7 7. Bd3 Nbd7 8.
Qc2 Nh5 9. Bxe7 Qxe7 10. O-O-O g6 11. Kb1 Nb6 12. h3 Ng7 13. g4 h5 14. Nf3 Be6
15. a4 O-O-O 16. Ne5 Nd7 17. Be2 Nxe5 18. dxe5 Qc7 19. f4 Kb8 20. Bf3 Qb6 21.
Qd2 Qb3 22. Qc2 Qb6 23. Qd2 Qa5 24. Qg2 Rd7 25. Rd2 Qb6 26. Re1 hxg4 27. hxg4
Rhd8 28. Qh1 Qc5 29. Qh7 Qf8 30. Red1 f6 31. Qxg6 fxe5 32. f5 Bg8 33. Qh6 Rd6
34. Qh2 Qf6 35. Bg2 a5 36. Qg3 Ka8 37. Rf2 Qg5 38. Rfd2 Nxf5 39. Qxe5 Qxg4 40.
Ka1 Bh7 41. Rh1 Qg8 42. e4 dxe4 43. Rxd6 Rxd6 44. Bxe4 Rh6 45. Qxa5+ Kb8 46.
Rd1 Rd6 47. Qe5 Qe6 48. Qf4 Ka7 49. Rxd6 Nxd6 50. Bxh7 Qe1+ 51. Bb1 1-0

[Event "SERBIA CHESS OPEN 2021 - MASTERS"]
[Site "Belgrade, Hotel Metropol"]
[Date "2021.07.03"]
[Round "2.117"]
[White "Tanmay, Chopra"]
[Black "Debevec, Blaz"]
[Result "1/2-1/2"]
[WhiteElo "2273"]
[BlackElo "2135"]
[PlyCount "57"]
[EventDate "2021.??.??"]

1. d4 d6 2. e4 Nf6 3. Nc3 e5 4. Nge2 Nbd7 5. g3 Be7 6. Bg2 O-O 7. O-O c6 8. a4
a5 9. h3 Qc7 10. g4 b6 11. Ng3 g6 12. Kh1 Ba6 13. Rg1 Kh8 14. Be3 Rae8 15. f4
Ng8 16. Qf3 exd4 17. Bxd4+ Bf6 18. Qf2 h6 19. Rad1 Kh7 20. Bxf6 Ndxf6 21. g5
Nd7 22. h4 Nc5 23. f5 Re5 24. Qf4 Rfe8 25. Bf3 Bc8 26. Rd2 R8e7 27. gxh6 Nxh6
28. Rdg2 Qd8 29. h5 1/2-1/2

[Event "SERBIA CHESS OPEN 2021 - MASTERS"]
[Site "Belgrade, Hotel Metropol"]
[Date "2021.07.03"]
[Round "2.118"]
[White "Dimitrijevic, Dusan"]
[Black "Dev, Shah"]
[Result "0-1"]
[WhiteElo "2122"]
[BlackElo "2270"]
[PlyCount "100"]
[EventDate "2021.??.??"]

1. e4 e5 2. Nf3 Nc6 3. Bc4 Bc5 4. b4 Bxb4 5. c3 Ba5 6. d4 d6 7. Qb3 Qd7 8. O-O
Bb6 9. dxe5 Na5 10. Qb4 Nxc4 11. Qxc4 dxe5 12. Nxe5 Qe6 13. Qa4+ c6 14. Nc4 Bc5
15. Nbd2 Ne7 16. Nb3 b5 17. Nxc5 bxa4 18. Nxe6 Bxe6 19. Nd6+ Kf8 20. Ba3 Kg8
21. Rab1 Nc8 22. Ne8 Nb6 23. Nc7 Rb8 24. Bc5 Bxa2 25. Rbd1 h6 26. Rd6 Kh7 27.
Rfd1 Rhc8 28. Na6 Rb7 29. f4 Bc4 30. Nb4 Bb3 31. Ra1 Nc4 32. Rd4 Rb5 33. Nd3
Rc7 34. e5 Ne3 35. Bd6 Rc8 36. Ne1 c5 37. Re4 Nc4 38. Rxc4 Bxc4 39. Rxa4 Be6
40. Rxa7 Rb3 41. g4 Bxg4 42. Rxf7 Kg8 43. Ra7 Rxc3 44. e6 Rc1 45. Kf2 Bxe6 46.
Nd3 Rd1 47. Ke2 Bg4+ 48. Ke3 c4 49. Ke4 Rxd3 50. Be5 Rd7 0-1

[Event "SERBIA CHESS OPEN 2021 - MASTERS"]
[Site "Belgrade, Hotel Metropol"]
[Date "2021.07.03"]
[Round "2.119"]
[White "Milikow, Elie"]
[Black "Dolgun, Can"]
[Result "1/2-1/2"]
[WhiteElo "2270"]
[BlackElo "2133"]
[PlyCount "55"]
[EventDate "2021.??.??"]

1. e4 e5 2. Nf3 Nc6 3. Bb5 a6 4. Ba4 Nf6 5. O-O Be7 6. Re1 b5 7. Bb3 O-O 8. c3
Bb7 9. d4 d6 10. Nbd2 exd4 11. Nxd4 Ne5 12. Bc2 Re8 13. Nf1 Bf8 14. Ng3 c5 15.
Nf3 g6 16. Nxe5 dxe5 17. Qxd8 Rexd8 18. Bg5 Kg7 19. f3 c4 20. Rad1 Bc5+ 21. Be3
Rxd1 22. Bxd1 Bxe3+ 23. Rxe3 Rd8 24. Bc2 Rd2 25. Re2 Rxe2 26. Nxe2 Nd7 27. Kf2
Nc5 28. Ke3 1/2-1/2

[Event "SERBIA CHESS OPEN 2021 - MASTERS"]
[Site "Belgrade, Hotel Metropol"]
[Date "2021.07.03"]
[Round "2.120"]
[White "Radojicic, Aleksandar M"]
[Black "Sahin, Ozgun"]
[Result "0-1"]
[WhiteElo "2112"]
[BlackElo "2269"]
[PlyCount "66"]
[EventDate "2021.??.??"]

1. d4 Nf6 2. Nc3 d5 3. Bf4 e6 4. e3 Bb4 5. Nge2 a6 6. g4 Ne4 7. a3 Nxc3 8. Nxc3
Be7 9. Qf3 c5 10. dxc5 Bxc5 11. g5 Nc6 12. O-O-O Qa5 13. Nb1 Be7 14. Qg3 Bd7
15. Bc7 Qc5 16. Nc3 b5 17. Be5 b4 18. axb4 Qxb4 19. Qf4 Nxe5 20. Qxe5 O-O 21.
Rd4 Qa5 22. Rh4 f6 23. gxf6 Bxf6 24. Qh5 Bxh4 25. Bd3 h6 26. Qxh4 Rab8 27. Kd2
Qb4 28. Qg3 d4 29. Qg6 dxc3+ 30. bxc3 Rxf2+ 31. Ke1 Qh4 32. Qh7+ Kf7 33. Qg6+
Kf8 0-1

[Event "SERBIA CHESS OPEN 2021 - MASTERS"]
[Site "Belgrade, Hotel Metropol"]
[Date "2021.07.03"]
[Round "2.121"]
[White "Belke, Frank"]
[Black "Vasic, Vladimir"]
[Result "1/2-1/2"]
[WhiteElo "2269"]
[BlackElo "2119"]
[PlyCount "124"]
[EventDate "2021.??.??"]

1. d4 d5 2. c4 dxc4 3. e4 e5 4. Nf3 exd4 5. Qxd4 Qxd4 6. Nxd4 Bb4+ 7. Nc3 Nf6
8. f3 O-O 9. Bxc4 c6 10. Be3 Nbd7 11. O-O Ne5 12. Be2 Re8 13. Rfd1 Ng6 14. a3
Ba5 15. g3 Nf8 16. b4 Bc7 17. Rac1 Ne6 18. Nf5 Bb6 19. Bxb6 axb6 20. a4 g6 21.
Nd6 Rd8 22. e5 Ne8 23. Nc4 Nd4 24. Nxb6 Rb8 25. Kf2 Be6 26. Ne4 Nc7 27. Nc5 Nb3
28. Nxe6 Nxe6 29. Rc3 Rxd1 30. Bxd1 Nbd4 31. Nd7 Rd8 32. Nf6+ Kg7 33. Ne4 b6
34. f4 h5 35. Rd3 Ra8 36. Ng5 c5 37. bxc5 bxc5 38. Nxe6+ fxe6 39. Rc3 Ra5 40.
Rc1 Kh6 41. Ke3 g5 42. fxg5+ Kxg5 43. Ke4 h4 44. gxh4+ Kxh4 45. Rc3 Nc6 46. Rc4
Nd4 47. Rc3 Nc6 48. h3 c4 49. Rxc4 Nxe5 50. Rc8 Nf7 51. Kf4 Rf5+ 52. Ke3 Kxh3
53. Bb3 Ng5 54. Kd4 e5+ 55. Kc3 e4 56. Re8 Kg3 57. Kb4 Kf2 58. a5 Rf6 59. Bc4
e3 60. a6 Ne6 61. Bxe6 e2 62. Bc8 Rxa6 1/2-1/2

[Event "SERBIA CHESS OPEN 2021 - MASTERS"]
[Site "Belgrade, Hotel Metropol"]
[Date "2021.07.03"]
[Round "2.122"]
[White "Petrusic, Velimir"]
[Black "Masic, Predrag"]
[Result "0-1"]
[WhiteElo "2111"]
[BlackElo "2268"]
[PlyCount "52"]
[EventDate "2021.??.??"]

1. d4 Nf6 2. Nf3 e6 3. Bg5 d5 4. Nbd2 Be7 5. e3 b6 6. Ne5 Nfd7 7. Bf4 Nxe5 8.
dxe5 Bb7 9. Qg4 g5 10. h4 h5 11. hxg5 hxg4 12. Rxh8+ Bf8 13. g6 fxg6 14. O-O-O
Qe7 15. Bd3 g5 16. Bg6+ Kd7 17. Ne4 gxf4 18. Nf6+ Kc6 19. Be8+ Kc5 20. a4 Bc6
21. Bg6 Bg7 22. Rh7 Bxf6 23. Rd4 a5 24. c3 b5 25. b4+ Kb6 26. exf6 Qxf6 0-1

[Event "SERBIA CHESS OPEN 2021 - MASTERS"]
[Site "Belgrade, Hotel Metropol"]
[Date "2021.07.03"]
[Round "2.123"]
[White "Gregoric, Andraz"]
[Black "Jocev, Milan"]
[Result "0-1"]
[WhiteElo "2107"]
[BlackElo "2260"]
[PlyCount "76"]
[EventDate "2021.??.??"]

1. e4 c6 2. d4 d5 3. Nd2 dxe4 4. Nxe4 Bf5 5. Ng3 Bg6 6. h4 h6 7. Nh3 e5 8. dxe5
Qxd1+ 9. Kxd1 Nd7 10. Nf4 Nxe5 11. Nxg6 O-O-O+ 12. Bd2 fxg6 13. f3 Nf6 14. c3
Bd6 15. Kc2 Rhf8 16. Re1 Nxf3 17. gxf3 Bxg3 18. Re7 Nh5 19. Bh3+ Kb8 20. Bg4
Bd6 21. Re6 Bf4 22. Rd1 Bxd2 23. Rxd2 Rxd2+ 24. Kxd2 Nf4 25. Re7 h5 26. Be6 Ng2
27. Rxg7 Nxh4 28. Rg8 Rxg8 29. Bxg8 Nxf3+ 30. Ke3 Ne5 31. Ke4 Nd7 32. Bf7 Nf8
33. Ke5 Kc7 34. Bc4 Nd7+ 35. Ke6 Nc5+ 36. Kf6 Na4 37. Kxg6 Nxb2 38. Bf1 Nd1 0-1

[Event "SERBIA CHESS OPEN 2021 - MASTERS"]
[Site "Belgrade, Hotel Metropol"]
[Date "2021.07.03"]
[Round "2.124"]
[White "Ratsma, Midas"]
[Black "Trippold, Denise"]
[Result "1-0"]
[WhiteElo "2259"]
[BlackElo "2113"]
[PlyCount "69"]
[EventDate "2021.??.??"]

1. e4 e6 2. d4 d5 3. Nc3 Nf6 4. e5 Nfd7 5. f4 c5 6. Nf3 Nc6 7. Be3 a6 8. a3 b5
9. Bd3 Qb6 10. O-O cxd4 11. Bf2 Bc5 12. Na2 h6 13. b4 Be7 14. Nc1 O-O 15. Nb3
Qc7 16. Nbxd4 Re8 17. Qe2 Bf8 18. Rae1 Nb6 19. c3 Bd7 20. Bc2 g6 21. h4 Ne7 22.
h5 Nbc8 23. hxg6 Nxg6 24. Nh4 Nce7 25. Qg4 Bg7 26. Re3 Kh8 27. Nxg6+ Nxg6 28.
Bxg6 fxg6 29. Qxg6 Rf8 30. Bh4 Rae8 31. Bf6 Bc8 32. Rh3 Kg8 33. Rxh6 Rf7 34.
Qh7+ Kf8 35. Qh8+ 1-0

[Event "SERBIA CHESS OPEN 2021 - MASTERS"]
[Site "Belgrade, Hotel Metropol"]
[Date "2021.07.03"]
[Round "2.125"]
[White "Korkmaz, Necmettin"]
[Black "Granovskiy, Alexandr"]
[Result "1/2-1/2"]
[WhiteElo "2101"]
[BlackElo "2255"]
[PlyCount "94"]
[EventDate "2021.??.??"]

1. e4 e5 2. Bc4 Nf6 3. Nc3 Nc6 4. d3 Bb4 5. Nge2 d5 6. exd5 Nxd5 7. O-O Nb6 8.
Bb3 Na5 9. f4 Nxb3 10. axb3 exf4 11. Bxf4 O-O 12. Qe1 Nd5 13. Bd2 Bc5+ 14. d4
Nxc3 15. bxc3 Bd6 16. Qf2 b6 17. Bf4 Bb7 18. Ng3 Qh4 19. Bxd6 cxd6 20. c4 f6
21. d5 Bc8 22. Qe3 f5 23. Ne2 Bd7 24. g3 Qf6 25. Qd4 Qxd4+ 26. Nxd4 a5 27. Rf2
Rae8 28. Raf1 Re4 29. Nxf5 Bxf5 30. Rxf5 Rxf5 31. Rxf5 a4 32. Rf1 Re2 33. Ra1
axb3 34. cxb3 Rb2 35. Ra7 Rxb3 36. Rd7 Rc3 37. Rxd6 Rxc4 38. Rxb6 Rd4 39. Rd6
Rd2 40. Rd7 h5 41. h4 Kh7 42. Rd6 Kg8 43. Rd8+ Kf7 44. d6 Ke6 45. Rg8 Kf7 46.
Rd8 Ke6 47. Rg8 Kf7 1/2-1/2

[Event "SERBIA CHESS OPEN 2021 - MASTERS"]
[Site "Belgrade, Hotel Metropol"]
[Date "2021.07.03"]
[Round "2.126"]
[White "Cvitan, Ena"]
[Black "Skonnord, Uno"]
[Result "1-0"]
[WhiteElo "2255"]
[BlackElo "2112"]
[PlyCount "89"]
[EventDate "2021.??.??"]

1. d4 Nf6 2. c4 g6 3. Nc3 Bg7 4. e4 d6 5. h3 O-O 6. Be3 c6 7. Nf3 a6 8. Bd3 b5
9. b3 Qa5 10. Bd2 Qb6 11. O-O e5 12. d5 cxd5 13. cxd5 Nbd7 14. b4 Bb7 15. Qb3
Nh5 16. Rfc1 Nf4 17. Bf1 h6 18. g3 Nh5 19. Be3 Qd8 20. Be2 Nb6 21. Nd2 Nf6 22.
a4 bxa4 23. Nxa4 Nxa4 24. Qxa4 Nh7 25. Qa5 f5 26. Qxd8 Rfxd8 27. f3 f4 28. Bb6
Rdc8 29. Nc4 Bf8 30. Na5 Rxc1+ 31. Rxc1 Bc8 32. g4 Ng5 33. Rc7 Nxh3+ 34. Kg2
Ng5 35. Nc6 h5 36. Na7 Rb8 37. Nxc8 hxg4 38. Ba5 gxf3+ 39. Bxf3 Nf7 40. Bg4 Ng5
41. Bf3 Nf7 42. Nb6 g5 43. Bh5 Nh6 44. Nd7 f3+ 45. Kxf3 1-0

[Event "SERBIA CHESS OPEN 2021 - MASTERS"]
[Site "Belgrade, Hotel Metropol"]
[Date "2021.07.03"]
[Round "2.127"]
[White "Andreev, Stanislav"]
[Black "Manakova, Maria"]
[Result "0-1"]
[WhiteElo "2101"]
[BlackElo "2254"]
[PlyCount "72"]
[EventDate "2021.??.??"]

1. d4 e6 2. c4 f5 3. g3 Nf6 4. Bg2 d5 5. Nh3 c6 6. O-O Bd6 7. Bf4 Be7 8. Qc2
O-O 9. Nd2 h6 10. f3 c5 11. dxc5 Bxc5+ 12. Kh1 d4 13. Nb3 Qe7 14. Nxc5 Qxc5 15.
Nf2 b5 16. Rac1 Ba6 17. cxb5 Qxb5 18. Nd3 Nd5 19. Qd2 Nd7 20. Bd6 Rfd8 21. Rfe1
N7b6 22. Bc7 Rd7 23. Bxb6 axb6 24. Ne5 Rdd8 25. Nc6 Rd6 26. Nxd4 Qd7 27. Nb3 e5
28. Rcd1 Rd8 29. Qc1 f4 30. Rd2 Ne3 31. Rxd6 Qxd6 32. Qb1 Bc8 33. Qc1 Bf5 34.
Qc3 Nd1 35. Qc4+ Be6 36. Qe4 Nf2+ 0-1

[Event "SERBIA CHESS OPEN 2021 - MASTERS"]
[Site "Belgrade, Hotel Metropol"]
[Date "2021.07.03"]
[Round "2.128"]
[White "Azaric, Slavko"]
[Black "Karacsonyi, Kata"]
[Result "1/2-1/2"]
[WhiteElo "2254"]
[BlackElo "2107"]
[PlyCount "94"]
[EventDate "2021.??.??"]

1. Nf3 c5 2. g3 Nc6 3. Bg2 g6 4. d3 Bg7 5. O-O e5 6. c4 Nge7 7. Nc3 O-O 8. Rb1
d6 9. a3 f5 10. Bd2 a5 11. Ne1 Be6 12. Nd5 Rb8 13. b4 axb4 14. axb4 b6 15. b5
Na7 16. Bg5 Nac8 17. Qd2 Qd7 18. Nxe7+ Nxe7 19. Nc2 Bf6 20. Bxf6 Rxf6 21. f4
exf4 22. Qxf4 Rbf8 23. Ra1 d5 24. Ne3 d4 25. Nc2 Bf7 26. Ra6 Qd6 27. Rfa1 Kg7
28. Ra7 Re8 29. Rc7 Qe6 30. Kf2 Nd5 31. Bxd5 Qxe2+ 32. Kg1 Qxc2 33. Qf3 Re3 34.
Qd1 Qxd1+ 35. Rxd1 Kg8 36. Bxf7+ Rxf7 37. Rc6 Rb7 38. Kf2 Kf7 39. Rd2 Re6 40.
Rb2 Ra7 41. h4 h6 42. h5 g5 43. Rxe6 Kxe6 44. Re2+ Kf7 45. Re5 Ra2+ 46. Ke1
Ra1+ 47. Ke2 Ra2+ 1/2-1/2

[Event "SERBIA CHESS OPEN 2021 - MASTERS"]
[Site "Belgrade, Hotel Metropol"]
[Date "2021.07.03"]
[Round "2.129"]
[White "Herega, Nejc"]
[Black "Juvan, Jaka"]
[Result "1/2-1/2"]
[WhiteElo "2099"]
[BlackElo "2252"]
[PlyCount "52"]
[EventDate "2021.??.??"]

1. d4 Nf6 2. c4 e6 3. Nc3 Bb4 4. e3 O-O 5. Bd2 b6 6. Nf3 d5 7. cxd5 exd5 8. Bd3
Ba6 9. Bxa6 Nxa6 10. Qa4 Qc8 11. O-O c5 12. dxc5 Bxc3 13. Bxc3 Nxc5 14. Qc2
Nce4 15. Rac1 Qf5 16. Bxf6 Qxf6 17. Rfd1 Rfd8 18. Nd4 h5 19. h3 Rac8 20. Qe2 g6
21. Qf3 Qd6 22. Nb3 Qe5 23. Nd4 Qd6 24. Qe2 Rc5 25. Nb3 Rcc8 26. Nd4 Rc5
1/2-1/2